TV by First Names II Quiz Stats

 Plays Quiz Updated Dec 11, 2015

Also try: TV by First Names
Challenge
Share
Tweet
Embed
Score 0/24 Timer 06:00
1 Play Today
Actor's First Names TV Show % Correct
Tina, Jane, Tracy, Alec, Jack30 Rock
86.7%
Josh, Jason, Alyson, Cobie, NeilHow I Met Your Mother
79.2%
Charlie, Jon, Angus, Ashton, Conchata, Holland, MarinTwo and a Half Men
75.7%
Johnny, Jim, Kaley, Simon, KunalThe Big Bang Theory
73.6%
Benedict, Martin, Una, RupertSherlock
72%
Ed, Sofia, Julie, Ty, Jesse, Eric, Sarah, Ariel, Nolan, RicoModern Family
69%
Ray, Patricia, Doris, Brad, Peter, MonicaEverybody Loves Raymond
68.8%
Amy, Aziz, Rashida, Nick, Aubrey, ChrisParks and Recreation
68.5%
Jason, Portia, Will, Michael, Alia, Tony, David, Jeffrey, JessicaArrested Development
63.4%
Eric, Debra, Sean, MeganWill & Grace
58.4%
Tim, Patricia, Earl, Zachery, Jonathan, Taran, Richard, DebbeHome Improvement
57.7%
Will, James, Janet, Daphne, Alfonso, Karyn, Tatyana, Ross, JosephThe Fresh Prince of Bel-Air
54%
Actor's First Names TV Show % Correct
Peter, Lena, Emilia, Kit, Sophie, Iain, Maisie, NikolajGame of Thrones
53.4%
Robert, Florence, Barry, Maureen, Christopher, Eve, Mike, Susan, AnnThe Brady Bunch
52.9%
Jon, Elisabeth, Vincent, January, Christina, Aaron, Rich, John, KeirnanMad Men
50.1%
Frankie, Jane, Bryan, Justin, Christopher, ErikMalcolm in the Middle
45.4%
Taylor, Danielle, Taryn, Michael, Kate, Uzo, Dascha, Samira, Selenis, Yael, Lea, Laverne, Laura, NatashaOrange is the New Black
39.6%
Ben, Rider, Will, Danielle, William, Betsy, WilliamBoy Meets World
35.7%
Jared, Jensen, Misha, Jim, MarkSupernatural
31.4%
Nathan, Gina, Alan, Morena, Adam, Jewel, Sean, Summer, RonFirefly
29.8%
Andy, Stephanie, Terry, Melissa, Joe, Chelsea, AndreBrooklyn Nine-Nine
20.8%
Matthew, Colin, Woody, Rachel, Vince, Michelle, Taylor, Michael, Kelly, ToryTrue Detective
16.9%
Abbi, Ilana, HannibalBroad City
15.6%
Dominic, John, Deidre, Wendall, Lance, Sonja, Seth, Domenick, Clark, Andre, Michael, JimThe Wire
13.6%

You're not logged in!

Compare scores with friends on all Sporcle quizzes.
OR
Log In

You Might Also Like...

Show Comments

Extras

Top Quizzes Today


Score Distribution

Your Account Isn't Verified!

In order to create a playlist on Sporcle, you need to verify the email address you used during registration. Go to your Sporcle Settings to finish the process.

Report this User

Report this user for behavior that violates our Community Guidelines.

Details: